000
00294nam a22001337a 4500
082
_a
894.812.3
_b
THA/P
100
_a
THALORA, SHAJI
245
_a
PAKAL VAKKU
246
_a
PAKAL VAKKU
_b
PAKAL VAKKU
260
_a
INDIA
_b
ITHAL
_c
2024
300
_a
176
650
_a
MALAYALAM STORIES
942
_c
BK
999
_c
8906
_d
8906